000
00240 a2200109 4500
001
76235
005
20260408153523.0
090
_a
76235
100
_a
20260408 pory50
200
_a
Fogo Grego
_f
Oliver Taplin
210
_c
Gravida
_d
1990
942
_c
MON